00339nam a22001217a 4500008004100000082002300041100003100064245005000095260003700145300001000182942001200192999001300204230605b xxu||||| |||| 00| 0 eng d a328.775870519bMIS cDavid E. Clarenbachd1989 a Rulings of the Chair bWisconsin Legislature aWisconsin bDavid E. Clarenbach a524 p 2ddccBK c294d294